Champions of the Inter-Cities Fairs Cup- Coppa U.E.F.A. - Europa League - Statistics

General Stats
  • This quiz has been taken 158 times
    129 since last reset
  • The average score is 51 of 60
Answer Stats
Hint Answer % Correct
U.E.F.A.- Europa League 2009-2010 Atletico Madrid
96%
U.E.F.A.- Europa League 2011-2012 Atletico Madrid
96%
U.E.F.A.- Europa League 2017-2018 Atletico Madrid
96%
Coppa U.E.F.A. 1990-1991 Inter
95%
Coppa U.E.F.A. 1993-1994 Inter
95%
Coppa U.E.F.A. 1997-1998 Inter
95%
Coppa U.E.F.A. 2005-2006 Sevilla
94%
Coppa U.E.F.A. 2006-2007 Sevilla
94%
U.E.F.A.- Europa League 2013-2014 Sevilla
94%
U.E.F.A.- Europa League 2014-2015 Sevilla
94%
U.E.F.A.- Europa League 2015-2016 Sevilla
94%
Coppa U.E.F.A. 1984-1985 Real Madrid
93%
Coppa U.E.F.A. 1985-1986 Real Madrid
93%
Inter-Cities Fairs Cup 1955-58 Barcelona
92%
Inter-Cities Fairs Cup 1958-1960 Barcelona
92%
Inter-Cities Fairs Cup 1965-1966 Barcelona
92%
U.E.F.A.- Europa League 2012-2013 Chelsea
92%
Coppa U.E.F.A. 1976-1977 Juventus
92%
Coppa U.E.F.A. 1989-1990 Juventus
92%
Coppa U.E.F.A. 1992-1993 Juventus
92%
Coppa U.E.F.A. 1972-1973 Liverpool
92%
Coppa U.E.F.A. 1975-1976 Liverpool
92%
Coppa U.E.F.A. 2000-2001 Liverpool
92%
U.E.F.A.- Europa League 2016-2017 Manchester United
92%
Inter-Cities Fairs Cup 1961-1962 Valencia
92%
Inter-Cities Fairs Cup 1962-1963 Valencia
92%
Coppa U.E.F.A. 2003-2004 Valencia
92%
Coppa U.E.F.A. 1991-1992 Ajax
90%
Coppa U.E.F.A. 1973-1974 Feyenoord
90%
Coppa U.E.F.A. 2001-2002 Feyenoord
90%
Coppa U.E.F.A. 2002-2003 Porto
90%
U.E.F.A.- Europa League 2010-2011 Porto
90%
Coppa U.E.F.A. 1971-1972 Tottenham
89%
Coppa U.E.F.A. 1983-1984 Tottenham
89%
Coppa U.E.F.A. 1977-1978 PSV Eindhoven
88%
Inter-Cities Fairs Cup 1960-1961 Roma
88%
Inter-Cities Fairs Cup 1969-1970 Arsenal
86%
Coppa U.E.F.A. 1994-1995 Parma
85%
Coppa U.E.F.A. 1998-1999 Parma
85%
Coppa U.E.F.A. 1982-1983 Anderlecht
83%
Coppa U.E.F.A. 1999-2000 Galatasaray
83%
Coppa U.E.F.A. 2007-2008 Zenit Saint Petersburg
82%
Coppa U.E.F.A. 2004-2005 CSKA Moscow
81%
Coppa U.E.F.A. 1988-1989 Napoli
80%
Coppa U.E.F.A. 2008-2009 Shakhtar Donetsk
79%
Coppa U.E.F.A. 1974-1975 Borussia Mönchengladbach
76%
Coppa U.E.F.A. 1978-1979 Borussia Mönchengladbach
76%
Inter-Cities Fairs Cup 1967-1968 Leeds United
75%
Inter-Cities Fairs Cup 1970-1971 Leeds United
75%
Coppa U.E.F.A. 1987-1988 Bayer Leverkusen
74%
Coppa U.E.F.A. 1980-1981 Ipswich Town
74%
Inter-Cities Fairs Cup 1968-1969 Newcastle United
73%
Coppa U.E.F.A. 1996-1997 Schalke 04
71%
Coppa U.E.F.A. 1979-1980 Eintracht Frankfurt
70%
Coppa U.E.F.A. 1995-1996 Bayern Munchen
69%
Inter-Cities Fairs Cup 1964-1965 Ferencvaros
68%
Coppa U.E.F.A. 1981-1982 IFK Goteborg
64%
Coppa U.E.F.A. 1986-1987 IFK Goteborg
64%
Inter-Cities Fairs Cup 1963-1964 Real Zaragoza
64%
Inter-Cities Fairs Cup 1966-1967 Dinamo Zagreb
58%
No matching quizzes found
Score Distribution
Percent of People with Each Score
Percentile by Number Answered
Your Score History
You have not taken this quiz since the last reset